| 000 | 01732cam a22004814i 4500 | ||
|---|---|---|---|
| 003 | PE-LiUPU | ||
| 005 | 20250731173344.0 | ||
| 008 | 150706s2005 sp rb 000 0 spa d | ||
| 020 | _a843301952X | ||
| 035 | _a(Sirsi) i9788433019523 | ||
| 040 |
_aPE-LiUPU _bspa _cPE-LiUPU _erda |
||
| 049 | _aPRUA | ||
| 082 | 0 | 4 |
_a222.11 _bL91 _221 |
| 100 | 1 |
_aLoza, José, _eautor. |
|
| 245 | 1 | 0 |
_aGénesis 1-11 / _cJosé Loza. |
| 264 | 1 |
_aBilbao : _bDesclée de Brouwer, _c2005. |
|
| 300 |
_a111 páginas ; _c21 centímetros |
||
| 336 |
_atext _2rdacontent |
||
| 337 |
_aunmediated _2rdamedia |
||
| 338 |
_avolume _2rdacarrier |
||
| 500 | _a"Comentarios a la Nueva Biblia de Jerusalén" -- en cubierta. | ||
| 504 | _aIncluye bibliografía básica. | ||
| 505 | 0 | _aGénesis 1-11 -- La creación y la caída -- Desde Adán hasta el diluvio -- El diluvio -- Desde el diluvio hasta Abrahán. | |
| 526 | _aSEG42 | ||
| 526 | _aSEG41 | ||
| 526 | _aSEG40 | ||
| 526 | _aSEG39 | ||
| 526 | _aP94 | ||
| 526 | _aP87 | ||
| 526 | _aP86 | ||
| 526 | _aP85 | ||
| 526 | _aP77 | ||
| 526 | _aP76 | ||
| 526 | _aP35 | ||
| 541 | _g007-0020318; | ||
| 630 |
_aBiblia. _pA.T. _PG énesis _xComentarios. |
||
| 910 |
_agl _bjv _clch _d20091009 |
||
| 942 |
_2ddc _cBOOK |
||
| 949 |
_a222.11 L91 _wDEWEY _c1 _i60378 _d2016-9-20 _e2016-9-20 _lCCODEBUL1 _mBUL _n3 _p15.00 _r0 _sY _tBOOK _u2015-7-6 _xTEOLOGIA _zUNKNOWN _0COMPRA _o.STAFF. Colección Teología |
||
| 994 |
_aC0 _bPEPRU |
||
| 596 | _a1 | ||
| 999 |
_a222.11 L91 _wDEWEY _c49833 _i60378 _d49833 _e2016-9-20 _f2021-11-9 _g5 _lCCODEBUL1 _mBUL _n3 _p15.00 _q4 _r0 _sY _tBOOK _u2015-7-6 _xTEOLOGIA _PP35 _0COMPRA _o.STAFF. Colección Teología |
||
| 980 |
_81 _gALBERTO SANCHEZ Responsable de Automatización |
||